000 00503nam a2200181Ia 4500
999 _c7962
_d7962
003 OSt
005 20200123120408.0
008 190216s9999||||xx |||||||||||||| ||und||
020 _a9788125923480
040 _coclc
082 _a327.54
_bKHA/F
100 1 _aKhanna, V. N.
_91466
245 0 _aForeign Policy Of India /
_cV N Khanna
250 _a6th ed.
260 _bVikas Publishing House,
_c2013.
_aNoida:
300 _a358p
942 _cBK
_2ddc
_h327.54
_iKHA/F
_k327.54
_mKHA/F